| 000 | 00976nas a2200289 4500 | ||
|---|---|---|---|
| 001 | BR9211816 | ||
| 003 | BR-BrBNA | ||
| 005 | 20231205093529.0 | ||
| 007 | ta | ||
| 008 | 230509b bl.|||p| |||| 00| 00por d | ||
| 040 |
_aBR-BrBNA _bpor _cBiblioteca Nacional de Agricultura |
||
| 041 | _a(Pt) | ||
| 072 | _aF03 | ||
| 100 | 1 | _aSilva Filho, N.L. da | |
| 100 | 1 | _aTeixeira, N.T. | |
| 100 | 1 | _aSilva, L.F.C. da | |
| 245 | 1 | _aInfluencia de solos sujeitos a poluicao de Cubatao na germinacao de sementes com diferentes composicoes quimicas | |
| 246 | 1 | _aInfluence of soil exposed to Cubatao (Sao Paulo, Brazil)pollution on seed germination with different chemical composition | |
| 650 | _aSEMENTE | ||
| 650 | _aGERMINACAO | ||
| 650 | _aCOMPOSICAO QUIMICA | ||
| 650 | _aPOLUICAO | ||
| 650 | _aSAO PAULO | ||
| 773 | 0 |
_tEcossistema (Brazil) _xISSN 0100-4107 _g(Oct 1991), v. 16 p. 111-118 _wBR9211816 |
|
| 909 |
_a202311 _bLúcia _c55 _dLúcia Elande |
||
| 942 |
_2AGRIS _n0 _cANA |
||
| 999 |
_c139013 _d139013 |
||